| 000 | 00291nam a2200109Ia 4500 | ||
|---|---|---|---|
| 008 | 220713s9999 xx 000 0 und d | ||
| 020 | _a978 0 85732 681 2 | ||
| 082 | _aST 657.3 ACCA | ||
| 100 | _aNo author, editors only | ||
| 245 | 0 | _aACCA:Paper F7 INT/UK Financial Reporting | |
| 942 |
_cBK _w561 _xJohn Tresidder _y561 _zJohn Tresidder |
||
| 999 |
_c707239 _d707238 |
||